000 00232nam a22001217a 4500
003 SGT
082 _a370
_bNCER
100 _aNCER
245 _aBUSINESS STUDIES
260 _aDELHI
_bNCER
_c2009
300 _a235
942 _2ddc
_cBK
999 _c19029
_d19029